| 000 | 00491nam a22001577a 4500 | ||
|---|---|---|---|
| 008 | 210831b |||||||| |||| 00| 0 eng d | ||
| 020 | _a0198262657 | ||
| 050 |
_aK639 _b.T44 2019 c.1 |
||
| 245 |
_aThe United Nations convention on the rights of the child _ba commentary _cEdited by John Tobin |
||
| 260 |
_aOxford _bOUP _c2019 |
||
| 300 | _axliv, 1823p. | ||
| 650 |
_aChildren _vlegal status |
||
| 650 |
_aChildren _vinternational law |
||
| 650 | _aChildren's rights | ||
| 942 |
_2lcc _cBK |
||
| 999 |
_c19031 _d19031 |
||